[Event "MPL-1 Indian Chess Tour 2022"]
[Site "Online"]
[Date "2022.03.27"]
[Round "8.8"]
[White "Mendonca, Leon Luke"]
[Black "Narayanan.S.L"]
[Result "1-0"]
[WhiteElo "2536"]
[BlackElo "2658"]
[Annotator "TA"]
[PlyCount "103"]
[EventDate "2022.03.30"]
[EventType "tourn"]
[EventCountry "NET"]
[SourceTitle "playchess.com"]
[Source "ChessBase"]
[SourceQuality "1"]

{[%evp 19,103,0,21,0,0,0,0,10,48,52,44,58,52,4,65,74,66,52,53,54,50,57,56,51,55,47,77,59,73,51,74,37,66,49,53,45,58,0,40,27,16,0,26,-8,-12,-111,48,0,283,282,258,257,280,281,283,268,263,263,362,368,633,633,627,612,608,599,1018,1031,1032,1025,1010,981,925,887,6311,6049,12834,12835,12841,12841,12845,12842,12843,12844,12848,12841]} 1. d4 d5 2. Nf3 Nf6 3. c4 e6 4. Nc3 c6 5. e3 Nbd7 6. Qc2 Bd6 7. Bd3 dxc4 8. Bxc4 a6 9. O-O O-O 10. Rd1 Qc7 11. Ne4 {D46: Semi-Slav: 5 e3 Nbd7 6 Bd3, Black avoids the Meran.} Nxe4 12. Qxe4 e5 $1 (12... Nf6 13. Qh4 $14) 13. Qh4 {The position is equal.} Nf6 14. dxe5 Bxe5 15. Nxe5 Qxe5 16. Qd4 {[#]} (16. Bd2 $14) 16... Qh5 $146 ({Better is} 16... Qxd4 $11 17. Rxd4 Be6) ({Predecessor:} 16... Qxd4 17. Rxd4 Be6 18. Bxe6 fxe6 19. Bd2 c5 20. Rh4 Rfd8 21. Ba5 Rd5 22. Kf1 b5 {1-0 (41) Dobrotka,M (2259)-Ondrus,M (2301) Slovakia 2011}) 17. f3 $14 c5 18. Qd2 b5 19. Be2 Be6 20. e4 h6 21. Qc2 c4 22. Be3 {Against Qc5} Rac8 23. a3 a5 24. Qd2 Ra8 25. Bf1 Nd7 26. Qd6 Rfc8 27. Rac1 Ne5 28. Qb6 ({White should play} 28. Be2 $14) 28... Rcb8 29. Qc5 {[#] aiming for f4.} Rc8 30. Qb6 Rc6 31. Rd8+ Kh7 32. Qxc6 (32. Rxa8 $2 {loses.} Rxb6 33. Rxa5 (33. Bxb6 $2 {perishes.} Nxf3+ 34. gxf3 Qg5+ 35. Kf2 Qxc1 $19) 33... Rd6 $19) (32. Qd4 $11 Rxd8 33. Qxd8) 32... Rxd8 $2 (32... Nxc6 $17 33. Rxa8 Qe5) 33. Qc5 (33. Qc7 $14 Rd7 34. Qxa5) 33... Rd2 $2 {[%mdl 8192] [#] Black is on the road to losing.} 34. Kh1 $1 $18 Rxb2 {[%cal Oe6h3] ...Bh3! is the strong threat.} 35. Bd4 $1 {[%csl LRb2,LRe5]} Rb3 36. Bxe5 f6 37. Bd4 Qxc5 38. Bxc5 b4 39. axb4 (39. Bxc4 Bxc4 40. axb4 (40. Rxc4 Rxa3 41. Rc1 Ra2 $16) 40... a4 $16) 39... axb4 (39... a4 40. Kg1 (40. Bxc4 Bxc4 41. Rxc4 a3 $16) 40... a3) 40. Bxc4 {White is clearly winning.} Bxc4 41. Rxc4 {[%mdl 4096] Endgame KRB-KR} Rb1+ 42. Bg1 g5 43. h3 h5 44. Kh2 b3 45. Rb4 Kg6 46. Rb6 g4 47. hxg4 hxg4 48. Bd4 gxf3 49. gxf3 Kg5 50. Kg3 b2 51. Bxf6+ Kh5 52. Rb5+ {Weighted Error Value: White=0.18 (very precise) /Black=0.50} 1-0

[Event "MPL-1 Indian Chess Tour 2022"]
[Site "Online"]
[Date "2022.03.27"]
[Round "9.1"]
[White "Narayanan.S.L"]
[Black "Sethuraman, S.P."]
[Result "1-0"]
[WhiteElo "2658"]
[BlackElo "2619"]
[Annotator "TA"]
[PlyCount "69"]
[EventDate "2022.03.30"]
[EventType "tourn"]
[EventCountry "NET"]
[SourceTitle "playchess.com"]
[Source "ChessBase"]
[SourceQuality "1"]

{[%evp 10,69,20,19,15,29,18,33,24,0,0,0,0,0,0,0,4,-29,-21,-22,0,0,194,197,211,207,210,204,206,206,209,202,201,208,202,206,209,205,164,3,169,188,185,183,177,181,162,172,202,225,304,306,318,316,429,387,570,562,559,554,545,468]} 1. d4 e6 2. e4 d5 3. Nd2 c5 4. exd5 Qxd5 5. Ngf3 cxd4 6. Bc4 Qd7 {C07: French Tarrasch: 3...c5, 4 Ngf3 and 4 exd5 Qxd5.} 7. O-O {[%mdl 1024] White has compensation.} Nc6 8. Nb3 {[%cal Rb3d4]} a6 {White is slightly better.} 9. Qe2 b5 10. Bd3 Nf6 11. Rd1 Bb7 {[#]} 12. a4 $5 $146 {[%mdl 8] An interesting novelty.} ({Predecessor:} 12. Nbxd4 Be7 13. c3 Nxd4 14. Nxd4 O-O 15. Bf4 Qd5 16. f3 Qh5 17. Qe5 Qxe5 18. Bxe5 {½-½ (30) Jones,G (2645)-Shimanov,A (2655) Tromsoe 2013}) 12... bxa4 {[#]} 13. Nbxd4 Nxd4 14. Nxd4 {[%cal Bf3d4,Bd4e6,Be6c5][%mdl 32]} Bc5 (14... Qxd4 $2 15. Bb5+ $1 {[%mdl 512]} axb5 16. Qxb5+ Qd7 17. Rxd7 Nxd7 18. Qxb7 $18) 15. Be3 {[%cal Od4e6]} Nd5 $2 {[#]} (15... Bxd4 16. Bxd4 Qd5 17. Qf1 $1 $14 (17. Qf3 Qxf3 18. gxf3 Bxf3 $15)) (15... Be7 $11 {and Black stays safe.}) 16. Nxe6 $1 $18 {[%mdl 576] Discovered Attack, Double Attack} Bxe3 17. Nc5 Qe7 18. Nxb7 Qxb7 19. Be4 (19. fxe3 Nf6 $16) (19. Rxa4 O-O $16) 19... Nc3 20. Bxb7 (20. bxc3 Qxe4 21. Rd4 (21. Qxe3 Qxe3 22. fxe3 Ke7 $14) 21... Qe7 22. Rdxa4 Rc8 $14) 20... Nxe2+ 21. Kf1 Rb8 22. Bc6+ ({Not} 22. Kxe2 Rxb7 23. Kxe3 Rxb2 $11) 22... Ke7 {[%cal Ob8b2]} 23. fxe3 Rxb2 24. Rxa4 $2 ({White must play} 24. Rd7+ $18 Kf6 25. Rxa4) 24... Rc8 $2 {[#] Black cannot hold the game after this.} 25. Rd7+ $1 ({Don't do} 25. Rxa6 $6 Rc7 $16) 25... Kf8 26. Rc4 $36 {[%mdl 2048] White is on the roll.} Nc1 {[#]} 27. Rxf7+ {[%mdl 512]} Kxf7 28. Bd5+ {[%mdl 64] Discovered Attack} Kf6 29. Rxc8 {[%mdl 4096] Endgame KRB-KRN} a5 30. Ke1 Na2 31. Kd2 Nb4 32. Kc1 Rxc2+ (32... Nxd5 $142 33. Kxb2 Nxe3) 33. Rxc2 {White is clearly winning.} Nxd5 34. Kd2 Ke5 35. Ra2 {Weighted Error Value: White=0.14 (very precise) /Black=0.44} 1-0

[Event "MPL-1 Indian Chess Tour 2022"]
[Site "Online"]
[Date "2022.03.27"]
[Round "9.2"]
[White "Karthikeyan, Murali"]
[Black "Mendonca, Leon Luke"]
[Result "1-0"]
[WhiteElo "2622"]
[BlackElo "2536"]
[Annotator "TA"]
[PlyCount "51"]
[EventDate "2022.03.30"]
[EventType "tourn"]
[EventCountry "NET"]
[SourceTitle "playchess.com"]
[Source "ChessBase"]
[SourceQuality "1"]

{[%evp 15,51,14,14,13,15,6,29,0,23,29,35,33,54,47,52,34,103,112,81,35,33,-29,36,24,14,-6,513,501,796,749,927,908,831,673,687,681,758,700]} 1. e4 c5 2. Nf3 {[%cal Bg1f3,Bf3d4,Bd4e2,Be2g3,Bg3f5][%mdl 32]} d6 3. d4 cxd4 4. Nxd4 Nf6 5. Nc3 a6 6. Bd3 e5 7. Nde2 Be7 8. O-O O-O 9. h3 {B90: Sicilian Najdorf: Unusual White 6th moves, 6 Be3 Ng4 and 6 Be3 e5.} b5 {[%cal Bb7b5,Bb5b4][%mdl 32]} 10. Ng3 Nbd7 11. Nf5 {[#] White has an edge.} b4 $146 ({Predecessor:} 11... Nc5 12. Nxe7+ Qxe7 13. Bg5 Bb7 14. f4 h6 15. fxe5 hxg5 16. exf6 gxf6 17. Nd5 Bxd5 18. exd5 {0-1 (47) Zsiros,L (1816)-Egyed,Z (2127) Hungary 2015}) 12. Ne2 Nc5 13. Neg3 Re8 14. a3 bxa3 15. Rxa3 {[%cal Ba1a3,Ba3d3,Bd3d6][%mdl 32]} Be6 (15... Bf8 $14) 16. Bg5 $16 h6 17. Bh4 {&Bianco is more active.} ({White should play} 17. Nxe7+ $16 Qxe7 18. Bxf6 Qxf6 19. Be2) 17... Bf8 $14 {[#] And now ...g5 would win.} 18. Qd2 (18. Bxf6 $14 Qxf6 19. b4 Nxd3 20. Qxd3) 18... Kh7 (18... g5 $11 19. Nxh6+ (19. Bxg5 hxg5 20. Qxg5+ Kh8 $17) 19... Bxh6 20. Bxg5 Bxg5 21. Qxg5+ Kf8) 19. b4 {Hoping for Bxf6.} Nxd3 20. Rxd3 {[%cal Rf5d6]} ({Much worse is} 20. Qxd3 g5 21. Bxg5 hxg5 $17) 20... Nxe4 $2 {[%mdl 8192] This costs Black the game.} 21. Nxe4 $18 {Pair of Knights! White is clearly winning.} g5 (21... Qc7 $142 22. Nfxd6 Bxd6 23. Nxd6 Reb8) 22. Nfxd6 Bxd6 23. Rxd6 {[%cal Rh4g5] [#] Threatens to win with Bxg5.} Qe7 24. Bg3 f5 25. Nc5 Rad8 26. Bxe5 {Weighted Error Value: White=0.25 (precise) /Black=0.65} (26. Nxe6 $2 Rxd6 27. Nxg5+ hxg5 $17) ({Not} 26. Rxe6 Rxd2 27. Rxe7+ Rxe7 $16) 1-0

[Event "MPL-1 Indian Chess Tour 2022"]
[Site "Online"]
[Date "2022.03.27"]
[Round "9.3"]
[White "Aryan Chopra"]
[Black "Ganguly, Surya Shekhar"]
[Result "1/2-1/2"]
[WhiteElo "2585"]
[BlackElo "2627"]
[Annotator "TA"]
[PlyCount "60"]
[EventDate "2022.03.30"]
[EventType "tourn"]
[EventCountry "NET"]
[SourceTitle "playchess.com"]
[Source "ChessBase"]
[SourceQuality "1"]

{[%evp 9,60,0,13,2,6,0,0,-10,0,0,0,0,0,0,0,0,0,0,0,0,0,0,0,0,0,0,0,0,0,0,0,0,0,0,0,0,0,0,0,0,0,0,0,0,0,0,0,0,0,0,0,0,0]} 1. d4 Nf6 2. Nf3 d5 3. Bf4 c5 4. e3 Nc6 5. Nbd2 Qb6 {[%csl LRb2,LRd4][%cal Rc5d4] The position is equal.} 6. dxc5 {D02: 1 d4 d5 2 Nf3 sidelines, including 2...Nf6 3 g3 and 2...Nf6 3 Bf4.} Qxb2 7. Rb1 Qc3 8. Bb5 g6 9. e4 dxe4 10. Be5 Qa5 {[#] Threatens to win with ...Bg4.} ({Much less strong is} 10... Qxc5 11. Bxf6 exf6 12. Nxe4 $16) 11. O-O {[%cal Od2e4]} exf3 12. Bxc6+ bxc6 13. Qxf3 Nd5 14. Bxh8 {Hoping for Rbd1.} Qxd2 15. c4 {[%cal Bc2c4,Bc4d5][%mdl 32]} f6 $1 {[%cal Od2f4]} 16. Rfd1 {[%mdl 64] [#] Deflection} Qc3 $146 ({Predecessor:} 16... Qg5 17. cxd5 Bg4 18. Bxf6 Bxf3 19. Bxg5 Bxd1 20. Rxd1 Rd8 21. d6 Rd7 22. Re1 Kf7 23. dxe7 Bxe7 24. Bxe7 Rxe7 {½-½ (56) Banusz,T (2641)-O'Donnell,C (2303) Struga 2021}) 17. cxd5 Qxf3 18. gxf3 Bf5 19. Rb7 ({Wrong is} 19. dxc6 $2 Bxb1 20. Rxb1 Kf7 $19) 19... O-O-O 20. Rxa7 Kb8 21. Ra4 {[%cal Od5d6] Black must now prevent d6!} cxd5 {[%cal Bc6d5,Bd5d4,Bd4d3,Bd3d2][%mdl 32]} 22. Rd2 Kc7 23. Rb2 $1 d4 24. Rb6 d3 {...d2 is the strong threat.} 25. Ra7+ Kc8 {Strongly threatening ...d2.} 26. Rbb7 {White threatens c6 and mate.} d2 27. Rc7+ Kb8 28. Rcb7+ Kc8 29. Rc7+ Kb8 30. Rcb7+ Kc8 {An even fight not without its subleties.  Weighted Error Value: White=0.00 (flawless) /Black=0.01 (flawless)} 1/2-1/2

[Event "MPL-1 Indian Chess Tour 2022"]
[Site "Online"]
[Date "2022.03.27"]
[Round "9.4"]
[White "Gukesh D"]
[Black "Harika, Dronavalli"]
[Result "1-0"]
[WhiteElo "2614"]
[BlackElo "2517"]
[Annotator "TA"]
[PlyCount "59"]
[EventDate "2022.03.30"]
[EventType "tourn"]
[EventCountry "NET"]
[SourceTitle "playchess.com"]
[Source "ChessBase"]
[SourceQuality "1"]

{[%evp 15,59,38,41,37,26,30,29,25,33,26,25,18,18,25,31,35,33,33,27,23,28,30,40,33,31,43,52,33,77,76,187,177,264,237,545,525,815,803,735,726,743,710,1046,1097,1033,975]} 1. d4 Nf6 2. c4 g6 3. Nc3 Bg7 4. e4 d6 5. Nf3 O-O 6. Be2 c5 7. d5 e6 8. O-O Re8 9. Be3 $5 {[%mdl 4] Leaves trodden paths. E91: King's Indian: Classical: 6 Be2, unusual replies including 6...c5 and 6...Bg4.} exd5 10. exd5 Ne4 {Prevents Qd2.} 11. Nxe4 {White has an edge.} Rxe4 12. Qc2 Re8 13. Bd3 Na6 (13... Bg4 {looks sharper.} 14. Ng5 Na6 15. a3 b5) 14. a3 {Inhibits Nb4.} Nc7 {[%cal Ob7b5]} 15. Rae1 {[#]} Bg4 $146 ({Predecessor:} 15... b5 16. b3 Rb8 17. Bg5 Bf6 18. Bxf6 Qxf6 19. Rxe8+ Nxe8 20. cxb5 Bb7 21. Bc4 Nc7 {1-0 (35) Seo,J (2455)-Kucuksari,K (2331) Stockholm 2021}) 16. Nd2 b5 17. h3 Bd7 18. b3 bxc4 19. bxc4 Rb8 20. Rb1 Qe7 21. Bf4 f5 22. Nf3 h6 (22... Rb6 $16 {was worth a try.}) 23. h4 $18 Qf6 {[#]} (23... Rb6 $142 24. Qd2 Kh7) 24. Qd2 $1 {Strongly threatening Qa5.} Kh7 $2 (24... Red8 {is tougher.} 25. Bxh6 Bxh6 26. Qxh6 Qg7) 25. Qa5 $1 {[%csl LRa7,LRc7] White is clearly winning.} Na8 26. Qxa7 Rbd8 27. Rb7 Re7 28. Bd2 Qf7 29. Re1 Rxe1+ 30. Bxe1 {Weighted Error Value: White=0.01 (flawless) /Black=0.37} 1-0

[Event "MPL-1 Indian Chess Tour 2022"]
[Site "Online"]
[Date "2022.03.31"]
[Round "9.5"]
[White "Sadhwani, Raunak"]
[Black "Adhiban, B.."]
[Result "1-0"]
[WhiteElo "2616"]
[BlackElo "2648"]
[Annotator "TA"]
[PlyCount "73"]
[EventDate "2022.03.30"]
[EventType "tourn"]
[EventCountry "NET"]
[SourceTitle "playchess.com"]
[Source "ChessBase"]
[SourceQuality "1"]

{[%evp 12,73,29,29,37,12,17,6,14,0,0,0,0,16,25,0,0,0,0,0,0,-16,-16,-30,-23,-39,-29,-12,0,0,0,10,10,6,86,89,89,94,112,117,178,133,181,164,174,125,104,126,137,125,142,134,134,135,647,738,766,766,771,740,776,682,940,868]} 1. d4 e6 2. Nf3 c5 3. e4 cxd4 4. Nxd4 a6 5. Bd3 g6 6. O-O Bg7 7. Nf3 Ne7 {B42: Sicilian: Kan Variation: 5 Bd3.} 8. c4 O-O 9. Nc3 Nbc6 {The position is equal.} 10. Bg5 h6 $1 11. Bh4 d6 {[#]} 12. Bg3 $5 $146 {[%mdl 8] An interesting novelty.} ({Predecessor:} 12. Qd2 g5 13. Bg3 Ng6 14. Be2 g4 15. Ne1 h5 16. Bxd6 Bd4 17. Bf4 Nxf4 18. Qxf4 {1-0 (36) Arjun,K (2370)-Aravindh,C (2580) Biel 2018}) 12... e5 13. h3 f5 14. Bh2 f4 15. Be2 g5 16. Qd3 Nd4 17. Rad1 Be6 18. Nxd4 exd4 19. Nd5 Nc6 20. Qb3 Rb8 21. Kh1 Kh8 22. f3 Bxd5 (22... Qd7 $11) 23. exd5 Ne7 24. Bd3 {&Bianco is more active.} Qd7 25. Bg1 Rfe8 (25... b5 $16) 26. Be4 Nf5 (26... b5 $16) 27. Bxf5 $18 Qxf5 28. Bxd4 (28. Qb6 $18) 28... Bxd4 $16 29. Rxd4 Re2 30. Qb4 Qe5 31. Rd2 Rxd2 32. Qxd2 {[#] Strongly threatening Re1. KQR-KQR} b5 $2 {[%mdl 8192] This costs Black the game.} (32... Re8 $16 33. Qb4 Re7) 33. Re1 $18 {White is clearly winning.} Qg7 34. cxb5 axb5 35. Re6 Rd8 36. Qe2 b4 37. Qe4 {Weighted Error Value: White=0.12 (very precise) /Black=0.41} 1-0

[Event "MPL-1 Indian Chess Tour 2022"]
[Site "Online"]
[Date "2022.03.27"]
[Round "9.6"]
[White "Gupta, Abhijeet"]
[Black "Erigaisi Arjun"]
[Result "0-1"]
[WhiteElo "2628"]
[BlackElo "2633"]
[Annotator "TA"]
[PlyCount "68"]
[EventDate "2022.03.30"]
[EventType "tourn"]
[EventCountry "NET"]
[SourceTitle "playchess.com"]
[Source "ChessBase"]
[SourceQuality "1"]

{[%evp 20,68,24,21,46,15,13,0,0,-5,-18,-11,-9,-54,-71,-60,-55,-45,-65,-52,-50,-82,-75,-89,-95,-87,-96,-94,0,0,0,0,0,0,0,0,0,-67,-62,-70,-64,-260,-243,-421,-423,-423,-416,-472,-318,-617,-593]} 1. d4 Nf6 2. c4 g6 3. Nc3 Bg7 4. e4 d6 5. f3 O-O 6. Nge2 c5 7. d5 e6 8. Ng3 exd5 9. cxd5 a6 10. a4 Nbd7 11. Be2 Rb8 {A65: Modern Benoni: 6 e4.} 12. O-O Ne8 13. f4 h5 $5 {[%mdl 4] [#] The position is equal. Exploring less charted territory.} 14. e5 $146 ({Predecessor:} 14. Be3 h4 15. Nh1 Nc7 16. Nf2 b5 17. axb5 Nxb5 18. f5 Nxc3 19. bxc3 Bxc3 20. Ng4 Ne5 21. Nh6+ Kh7 22. Rc1 Bb2 {½-½ (22) Gazi,M (2199)-Llull,R (2340) FICGS email 2017}) 14... f5 15. exf6 (15. e6 {keeps more tension.} Bd4+ 16. Kh1 h4 17. Rf3) 15... Ndxf6 16. Nge4 Nxe4 17. Nxe4 Bd4+ 18. Kh1 Nf6 {[%cal Be8f6,Bf6g4,Bg4f2][%mdl 32]} 19. Ng5 Ng4 $1 (19... Nxd5 $2 20. Bc4 $18) 20. Ra3 Nf2+ $1 21. Rxf2 Bxf2 22. Ne6 Bxe6 23. dxe6 Qf6 ({Black should play} 23... Qe7 $1 $17 {[%cal Re7e6]} 24. Qc2 Kg7) 24. Rf3 $11 Bd4 25. f5 {And now Rg3 would win.} Be5 {Against Rg3} (25... gxf5 $2 26. Rg3+ Kh8 27. Bc4 $18) 26. Bd3 Qh4 {[%csl Ge5][%cal Rh4h2]} (26... Bxb2 $2 27. e7 Bxc1 28. exf8=Q+ Rxf8 29. Qxc1 $18) 27. g3 Qd4 {aiming for ...c4.} 28. e7 {[#]} ({White should try} 28. Qf1 $11) 28... Rxf5 $1 $15 29. Qb3+ c4 $1 30. Bxc4+ {[#] Loses the game.} (30. Qxb7 Rxb7 31. e8=Q+ Kg7 32. Bxf5 gxf5 $17) (30. Qxc4+ $15 Qxc4 31. Bxc4+ Kg7 32. Rb3) 30... Kg7 $1 $19 {...Rxf3 is the strong threat.} 31. Be6 $2 {[#]} (31. e8=Q Rxe8 32. Qxb7+ Kh8 33. Bd3) 31... Rxf3 $1 32. Qxf3 {Intending Qf7+ and mate.} Bf6 33. Kg2 Qe5 34. e8=Q (34. Bc4) 34... Rxe8 {Weighted Error Value: White=0.46/Black=0.10 (very precise)} 0-1

[Event "MPL-1 Indian Chess Tour 2022"]
[Site "Online"]
[Date "2022.03.27"]
[Round "9.7"]
[White "Iniyan, P."]
[Black "Sankalp Gupta"]
[Result "0-1"]
[WhiteElo "2516"]
[BlackElo "2536"]
[Annotator "RC"]
[PlyCount "210"]
[EventDate "2022.03.30"]
[EventType "tourn"]
[EventCountry "NET"]
[SourceTitle "playchess.com"]
[Source "ChessBase"]
[SourceQuality "1"]
[TimeControl "5400+30"]

1. d4 {[%emt 1:15:40]} d5 {[%emt 1:15:40]} 2. c4 {[%emt 0:00:27]} dxc4 {[%emt 0:00:22]} 3. e4 {[%emt 0:00:22]} b5 {[%emt 0:00:31]} 4. a4 {[%emt 0:00:26]} c6 {[%emt 0:00:26]} 5. Nc3 {[%emt 0:00:26]} b4 {[%emt 0:00:21]} 6. Na2 {[%emt 0:00:24]} Nf6 {[%emt 0:00:33]} 7. e5 {[%emt 0:00:27]} Nd5 {[%emt 0:00:21]} 8. Bxc4 {[%emt 0:00:21]} e6 {[%emt 0:00:22]} 9. Nf3 {[%emt 0:00:30]} Be7 {[%emt 0:00:23]} 10. O-O {[%emt 0:00:33]} O-O {[%emt 0:00:33]} 11. Qe2 {[%emt 0:00:25]} a5 {[%emt 0:01:02]} 12. Bd2 {[%emt 0:00:43]} Ba6 {[%emt 0:01:42]} 13. Bxa6 {[%emt 0:00:28]} Nxa6 {[%emt 0:00:25]} 14. Nc1 {[%emt 0:00:21]} c5 {[%emt 0:00:33]} 15. Nb3 {[%emt 0:00:23]} cxd4 {[%emt 0:00:59]} 16. Nfxd4 {[%emt 0:00:20]} Nc5 {[%emt 0:01:46]} 17. Qg4 {[%emt 0:05:23]} Kh8 {[%emt 0:02:45]} 18. Nxc5 {[%emt 0:00:24]} Bxc5 {[%emt 0:00:23]} 19. Nf3 {[%emt 0:00:20]} Rc8 {[%emt 0:01:07]} 20. h4 {[%emt 0:04:02]} Be7 {[%emt 0:00:36]} 21. Ng5 {[%emt 0:01:12]} Bxg5 {[%emt 0:01:45]} 22. hxg5 {[%emt 0:00:20]} Qc7 {[%emt 0:00:24]} 23. Rad1 {[%emt 0:03:31]} Qxe5 {[%emt 0:00:44]} 24. b3 {[%emt 0:00:53]} Qb2 {[%emt 0:00:53]} 25. Bc1 {[%emt 0:01:35]} Qxb3 {[%emt 0:00:29]} 26. g6 {[%emt 0:00:20]} Nf6 {[%emt 0:01:25]} 27. Qg5 {[%emt 0:00:27]} fxg6 {[%emt 0:00:49]} 28. Qxa5 {[%emt 0:00:23]} Ra8 {[%emt 0:00:36]} 29. Qc5 {[%emt 0:00:29]} Qxa4 {[%emt 0:00:35]} 30. Rd4 {[%emt 0:00:24]} Nd5 {[%emt 0:00:31]} 31. Re4 {[%emt 0:00:25]} Qd7 {[%emt 0:01:31]} 32. Qd4 {[%emt 0:00:33]} Kg8 {[%emt 0:01:18]} 33. Bb2 {[%emt 0:00:25]} Rfe8 {[%emt 0:00:27]} 34. Rfe1 {[%emt 0:00:26]} Ra6 {[%emt 0:00:53]} 35. Qd3 {[%emt 0:00:30]} Rc6 {[%emt 0:00:32]} 36. Rxb4 {[%emt 0:00:23]} Rb6 {[%emt 0:01:37]} 37. Rxb6 {[%emt 0:00:47]} Nxb6 {[%emt 0:00:20]} 38. Qb3 {[%emt 0:00:30]} Nd5 {[%emt 0:00:26]} 39. Be5 {[%emt 0:00:27]} Qf7 {[%emt 0:00:38]} 40. Ra1 {[%emt 0:00:36]} h6 {[%emt 0:00:49]} 41. Qb2 {[%emt 0:00:26]} Kh7 {[%emt 0:00:34]} 42. Bd4 {[%emt 0:00:38]} Re7 {[%emt 0:01:03]} 43. Re1 {[%emt 0:01:23]} Rd7 {[%emt 0:00:51]} 44. Re4 {[%emt 0:01:26]} Ne7 {[%emt 0:00:43]} 45. Qe2 {[%emt 0:00:41]} Nf5 {[%emt 0:00:39]} 46. Bb2 {[%emt 0:00:25]} Rb7 {[%emt 0:00:28]} 47. Be5 {[%emt 0:00:38]} Qd7 {[%emt 0:00:33]} 48. Kh2 {[%emt 0:00:25]} Qd5 {[%emt 0:00:34]} 49. g4 {[%emt 0:00:32]} Rb1 {[%emt 0:01:21]} 50. Qc2 {[%emt 0:00:21]} Nd6 {[%emt 0:00:46]} 51. Bxd6 {[%emt 0:01:19]} Qxd6+ {[%emt 0:00:20]} 52. Kg2 {[%emt 0:00:22]} Rb6 {[%emt 0:00:29]} 53. Qc4 {[%emt 0:00:24]} Rc6 {[%emt 0:00:26]} 54. Qb3 {[%emt 0:00:23]} Qd5 {[%emt 0:00:49]} 55. Qxd5 {[%emt 0:00:21]} exd5 {[%emt 0:00:20]} 56. Rd4 {[%emt 0:00:19]} Rc4 {[%emt 0:00:26]} 57. Rxd5 {[%emt 0:00:22]} Rxg4+ {[%emt 0:00:21]} 58. Kh3 {[%emt 0:00:21]} Rf4 {[%emt 0:00:30]} 59. Kg3 {[%emt 0:00:21]} Rf6 {[%emt 0:00:24]} 60. Rc5 {[%emt 0:00:21]} g5 {[%emt 0:00:21]} 61. Rb5 {[%emt 0:00:24]} Kg6 {[%emt 0:00:21]} 62. Ra5 {[%emt 0:00:22]} Rb6 {[%emt 0:00:28]} 63. Ra8 {[%emt 0:00:23]} Rb3+ {[%emt 0:00:24]} 64. Kg2 {[%emt 0:00:21]} Rb6 {[%emt 0:00:55]} 65. Ra5 {[%emt 0:00:23]} Kh5 {[%emt 0:00:24]} 66. Ra7 {[%emt 0:00:23]} g6 {[%emt 0:00:24]} 67. Ra5 {[%emt 0:00:22]} Kg4 {[%emt 0:00:43]} 68. Ra4+ {[%emt 0:00:25]} Kf5 {[%emt 0:00:21]} 69. Ra5+ {[%emt 0:00:22]} Kf6 {[%emt 0:00:21]} 70. Ra8 {[%emt 0:00:21]} Re6 {[%emt 0:00:24]} 71. Rf8+ {[%emt 0:00:22]} Ke5 {[%emt 0:00:25]} 72. Kg3 {[%emt 0:00:37]} h5 {[%emt 0:00:29]} 73. Rf7 {[%emt 0:00:24]} Rf6 {[%emt 0:00:27]} 74. Re7+ {[%emt 0:00:22]} Kf5 {[%emt 0:00:24]} 75. Ra7 {[%emt 0:00:21]} g4 {[%emt 0:00:23]} 76. Ra5+ {[%emt 0:00:23]} Ke6 {[%emt 0:00:26]} 77. Ra6+ {[%emt 0:00:20]} Kf7 {[%emt 0:00:21]} 78. Ra7+ {[%emt 0:00:21]} Kg8 {[%emt 0:00:21]} 79. Ra2 {[%emt 0:00:36]} Kg7 {[%emt 0:00:22]} 80. Rb2 {[%emt 0:00:35]} Kh6 {[%emt 0:00:22]} 81. Rb8 {[%emt 0:00:22]} Kg5 {[%emt 0:00:22]} 82. Rb5+ {[%emt 0:00:26]} Rf5 {[%emt 0:00:21]} 83. Rb6 {[%emt 0:00:22]} h4+ {[%emt 0:00:25]} 84. Kg2 {[%emt 0:00:21]} Ra5 {[%emt 0:01:33]} 85. Rb2 {[%emt 0:00:30]} Rc5 {[%emt 0:00:37]} 86. Ra2 {[%emt 0:00:22]} Rb5 {[%emt 0:00:22]} 87. Rc2 {[%emt 0:00:21]} Rb3 {[%emt 0:00:41]} 88. Rc5+ {[%emt 0:00:21]} Kh6 {[%emt 0:00:22]} 89. Rc4 {[%emt 0:00:21]} Kh5 {[%emt 0:00:21]} 90. Rc5+ {[%emt 0:00:33]} g5 {[%emt 0:00:22]} 91. Rc2 {[%emt 0:00:23]} Ra3 {[%emt 0:00:31]} 92. Rb2 {[%emt 0:00:21]} Rc3 {[%emt 0:00:22]} 93. Ra2 {[%emt 0:00:25]} h3+ {[%emt 0:01:53]} 94. Kh2 {[%emt 0:00:23]} Rf3 {[%emt 0:00:20]} 95. Kg1 {[%emt 0:00:32]} g3 {[%emt 0:00:23]} 96. fxg3 {[%emt 0:00:20]} Rxg3+ {[%emt 0:00:21]} 97. Kh2 {[%emt 0:00:21]} Rg2+ {[%emt 0:00:45]} 98. Rxg2 {[%emt 0:00:24]} hxg2 {[%emt 0:00:20]} 99. Kg1 {[%emt 0:00:26]} Kh4 {[%emt 0:00:22]} 100. Kh2 {[%emt 0:00:36]} g1=Q+ {[%emt 0:00:28]} 101. Kxg1 {[%emt 0:00:21]} Kg3 {[%emt 0:00:21]} 102. Kh1 {[%emt 0:00:20]} g4 {[%emt 0:00:51]} 103. Kg1 {[%emt 0:00:21]} Kh3 {[%emt 0:00:20]} 104. Kh1 {[%emt 0:00:22]} g3 {[%emt 0:00:21]} 105. Kg1 {[%emt 0:00:23]} g2 {[%emt 0:00:20]} 0-1